Qui sont ces députés du Groupe Socialistes et apparentés ? - 2024 - Statistiques

Statistiques générales
  • Ce quiz a été pris 116 fois
  • Le résultat moyen est 5 sur 8
Statistiques - réponses
Par images Hint Réponse % Correct
Corrèze François Hollande
99%
Seine et Marne Olivier Faure
97%
Landes Boris Vallaud
82%
Essonne Jérôme Guedj
81%
Yvelines Aurélien Rousseau
61%
Paris Emmanuel Grégoire
57%
Calvados Arthur Delaporte
47%
Puy de Dôme Christine Pirès Beaune
26%
Aucun quiz correspondant
Distribution des résultats
% des personnes avec chaque résultat
Percentile par nombre de réponses
Votre historique - résultats
Vous n’avez pas pris ce quiz